[Event "Schachfestival Senioren"]
[Site "Bad Woerishofen"]
[Date "2023.03.04"]
[Round "2.47"]
[White "Mahrla, Hans"]
[Black "Huhn, Ulrich"]
[Result "1-0"]
[WhiteElo "1654"]
[BlackElo "1803"]
[PlyCount "107"]
[EventDate "2023.??.??"]
[WhiteTeam "SC Eichenau"]
[BlackTeam "SF Siemensstadt"]

1. e4 d5 2. e5 Bf5 3. d4 e6 4. Nf3 c5 5. c3 Nc6 6. Bd3 Bxd3 7. Qxd3 cxd4 8. cxd4 Bb4+ 9. Nc3 Nge7 10. O-O O-O 11. Ne2 Ng6 12. Bg5 Be7 13. Qe3 Bxg5 14. Qxg5 Qxg5 15. Nxg5 h6 16. Nf3 Rfc8 17. Rfc1 Kf8 18. h4 Ke8 19. h5 Nge7 20. g4 b5 21. Rc5 Rab8 22. Rac1 Kd7 23. Kg2 a5 24. Kg3 b4 25. Nd2 a4 26. f4 Rb7 27. Nf3 Rbc7 28. Kh4 Rb7 29. Ng3 Ra7 30. f5 exf5 31. gxf5 b3 32. a3 Rac7 33. f6 gxf6 34. exf6 Ng8 35. Ne5+ Nxe5 36. Rxc7+ Rxc7 37. Rxc7+ Kxc7 38. dxe5 Kd7 39. Kg4 Ke6 40. Kf4 d4 41. Ke4 d3 42. Nf1 Nxf6+ 43. exf6 Kxf6 44. Kf4 Ke6 45. Ke3 f5 46. Kxd3 Kd5 47. Ke3 Ke5 48. Nd2 f4+ 49. Kf3 Kf5 50. Ne4 Ke5 51. Nc3 Kd4 52. Kxf4 Kd3 53. Nxa4 Kc2 54. Kf5 1-0

[Event "Schachfestival Senioren"]
[Site "Bad Woerishofen"]
[Date "2023.03.04"]
[Round "2.48"]
[White "Narr, Irmgard"]
[Black "Kleinhenz, Hans-Georg"]
[Result "1/2-1/2"]
[WhiteElo "1620"]
[BlackElo "1796"]
[PlyCount "75"]
[EventDate "2023.??.??"]
[WhiteTeam "SC Muehlhof-Reichelsdorf e.V."]
[BlackTeam "Stolberger SV 1927"]

1. e4 c6 2. Nf3 d5 3. exd5 cxd5 4. d4 Nc6 5. c3 e6 6. Bd3 Bd6 7. Bg5 Qc7 8. Nbd2 h6 9. Bh4 Nge7 10. O-O O-O 11. Re1 Nf5 12. Nf1 Nxh4 13. Nxh4 e5 14. dxe5 Nxe5 15. Nf3 Nxd3 16. Qxd3 Rd8 17. Rad1 Be6 18. Nd4 Bd7 19. Nf3 Bc6 20. Nd4 Qb6 21. Nxc6 bxc6 22. b4 a5 23. a3 axb4 24. cxb4 c5 25. bxc5 Bxc5 26. Qf3 Rxa3 27. Qf5 Ra2 28. Rd2 Ra3 29. Red1 d4 30. h3 d3 31. Nh2 Qb5 32. Ng4 Qb6 33. Ne5 Qa7 34. Nxd3 Bf8 35. Ne5 Rxd2 36. Rxd2 Ra1+ 37. Kh2 g6 38. Qc8 1/2-1/2

[Event "Schachfestival Senioren"]
[Site "Bad Woerishofen"]
[Date "2023.03.04"]
[Round "2.49"]
[White "Collins, Alan"]
[Black "Knischka, Walter"]
[Result "1-0"]
[WhiteElo "1608"]
[BlackElo "1795"]
[PlyCount "103"]
[EventDate "2023.??.??"]
[WhiteTeam "Cowley"]
[BlackTeam "SK Oberguenzburg"]

1. f4 g6 2. d3 e6 3. e4 Ne7 4. Nf3 Bg7 5. c3 d6 6. Be2 Nd7 7. Na3 b6 8. d4 Bb7 9. e5 d5 10. Nc2 c5 11. O-O O-O 12. Be3 h6 13. Qd2 Nf5 14. Bf2 Rc8 15. Rfc1 Rc7 16. Ne3 Nxe3 17. Bxe3 Kh7 18. Rc2 Qb8 19. Rac1 a6 20. g4 cxd4 21. cxd4 Rfc8 22. Bd3 Bf8 23. f5 Rxc2 24. fxg6+ fxg6 25. Rxc2 Bg7 26. Rxc8 Qxc8 27. Qc2 Qxc2 28. Bxc2 b5 29. h4 Bc6 30. h5 Nf8 31. Nh4 Be8 32. Bd2 Kg8 33. hxg6 Nd7 34. Ng2 Nb6 35. b3 Bd7 36. Nf4 Nc8 37. Nh5 Be8 38. Bb4 Bc6 39. Kf2 Bf8 40. Bxf8 Kxf8 41. Ke3 Ne7 42. Nf4 Bd7 43. Kf3 Kg7 44. Nh5+ Kf8 45. g7+ Kf7 46. Bh7 Bc6 47. Kf4 b4 48. g5 hxg5+ 49. Kxg5 Bb5 50. Kh6 Be2 51. Nf6 Bf3 52. Bg6+ 1-0

[Event "Schachfestival Senioren"]
[Site "Bad Woerishofen"]
[Date "2023.03.04"]
[Round "2.50"]
[White "Dreisch, Juergen"]
[Black "Hager, Eberhard"]
[Result "0-1"]
[WhiteElo "1590"]
[BlackElo "1778"]
[PlyCount "130"]
[EventDate "2023.??.??"]
[WhiteTeam "SK Markt Schwaben"]
[BlackTeam "SK Friedberg im Gehoerl. Sportverein"]

1. e4 d6 2. d4 Nf6 3. Nc3 c6 4. f4 Qb6 5. h3 Nbd7 6. Nf3 d5 7. Bd3 dxe4 8. Nxe4 Nxe4 9. Bxe4 Nf6 10. Bd3 e6 11. c3 Bd6 12. Qb3 Qxb3 13. axb3 b6 14. Ne5 Bb7 15. O-O O-O 16. f5 exf5 17. Bxf5 Rfe8 18. Bf4 g6 19. Bd3 Bxe5 20. Bxe5 Nd7 21. Bc4 Nxe5 22. dxe5 Re7 23. Rae1 b5 24. Bd3 Rd8 25. Bc2 Rd5 26. b4 Rdxe5 27. Rxe5 Rxe5 28. Bb3 Re7 29. g4 Bc8 30. Rf6 Be6 31. Bxe6 Rxe6 32. g5 Kg7 33. Rf2 Re5 34. Rg2 h6 35. gxh6+ Kxh6 36. Kf2 f5 37. Kf3 g5 38. b3 Kh5 39. Ra2 Rd5 40. Rxa7 Rd3+ 41. Kg2 Rxc3 42. Rh7+ Kg6 43. Rd7 Rxb3 44. Rd6+ Kh5 45. Rxc6 Rxb4 46. Rc8 Rb2+ 47. Kg3 f4+ 48. Kf3 b4 49. Rh8+ Kg6 50. Rg8+ Kf6 51. Kg4 Rb3 52. Rf8+ Kg7 53. Rb8 Rg3+ 54. Kf5 b3 55. h4 gxh4 56. Kxf4 Rc3 57. Rb7+ Kf6 58. Rb6+ Ke7 59. Ke5 h3 60. Kd4 Rg3 61. Ke5 h2 62. Rb7+ Kd8 63. Rh7 Rg2 64. Kd6 Rd2+ 65. Kc6 b2 0-1

[Event "Schachfestival Senioren"]
[Site "Bad Woerishofen"]
[Date "2023.03.04"]
[Round "2.51"]
[White "Bjorgvik, Jan Arne"]
[Black "Richter, Stefan"]
[Result "1-0"]
[WhiteElo "1764"]
[BlackElo "1589"]
[PlyCount "93"]
[EventDate "2023.??.??"]
[WhiteTeam "NSF"]
[BlackTeam "Langenberg"]

1. e4 Nc6 2. d4 g6 3. Nf3 Bg7 4. a3 d6 5. d5 Ne5 6. Nxe5 Bxe5 7. Bb5+ Bd7 8. Qd3 c6 9. dxc6 bxc6 10. Bc4 Qb6 11. Nc3 Qd4 12. Qxd4 Bxd4 13. O-O Bxc3 14. bxc3 Nf6 15. f3 O-O 16. Bg5 Kg7 17. Rad1 Be6 18. Bxf6+ Kxf6 19. Bxe6 fxe6 20. f4 d5 21. e5+ Kg7 22. g3 h6 23. Rb1 Rab8 24. Kg2 Rb6 25. Rb4 c5 26. Rb3 Rfb8 27. Rfb1 d4 28. Rxb6 Rxb6 29. Rxb6 axb6 30. cxd4 cxd4 31. Kf3 g5 32. fxg5 hxg5 33. g4 Kf8 34. Ke4 Ke8 35. Kxd4 Kd7 36. a4 Kc6 37. Kc4 Kb7 38. Kb5 Kc7 39. c4 Kb7 40. c5 bxc5 41. Kxc5 Kc7 42. a5 Kb7 43. Kb5 Kc7 44. a6 Kb8 45. Kb6 Ka8 46. Kc7 Ka7 47. Kd7 1-0

[Event "Schachfestival Senioren"]
[Site "Bad Woerishofen"]
[Date "2023.03.04"]
[Round "2.52"]
[White "Koppenhoefer, Heinz"]
[Black "Wenske, Hardy"]
[Result "0-1"]
[WhiteElo "1560"]
[BlackElo "1761"]
[PlyCount "56"]
[EventDate "2023.??.??"]
[WhiteTeam "TSV Solln Schachabteilung"]
[BlackTeam "Kieler Schachgesellschaft"]

1. e4 c6 2. d4 d5 3. exd5 cxd5 4. Nf3 Nf6 5. Bd3 Nc6 6. c3 e6 7. Qc2 Bd6 8. Nbd2 h6 9. Nb3 O-O 10. h3 a6 11. g4 e5 12. dxe5 Nxe5 13. Nbd4 Nxd3+ 14. Qxd3 Ne4 15. Be3 Re8 16. O-O-O Qc7 17. Nf5 Bxf5 18. gxf5 Bf4 19. Rdf1 Bxe3+ 20. fxe3 Ng3 21. Qxd5 Nxf1 22. Rxf1 Rad8 23. Qb3 Rxe3 24. h4 Qc6 25. Nd2 Red3 26. Nc4 Qd5 27. Nb6 Qg2 28. Re1 Qd2+ 0-1

[Event "Schachfestival Senioren"]
[Site "Bad Woerishofen"]
[Date "2023.03.04"]
[Round "2.54"]
[White "Hertkorn, Dieter"]
[Black "Kirchner, Ulrich"]
[Result "0-1"]
[WhiteElo "1549"]
[BlackElo "1750"]
[PlyCount "82"]
[EventDate "2023.??.??"]
[WhiteTeam "SF Blaustein"]
[BlackTeam "SF Blaustein"]

1. e4 c5 2. Nf3 d6 3. Bc4 e5 4. h3 Be6 5. Bxe6 fxe6 6. d3 Nf6 7. c4 Be7 8. Nc3 O-O 9. O-O Nc6 10. Ne2 a6 11. a4 Nb4 12. b3 Qd7 13. Ba3 b5 14. Bxb4 cxb4 15. Qd2 bxc4 16. bxc4 a5 17. Nc1 Bd8 18. Nb3 Bb6 19. d4 exd4 20. Nfxd4 Rac8 21. Qd3 d5 22. exd5 exd5 23. c5 Bxc5 24. Nxc5 Rxc5 25. Nb5 Ne4 26. Rac1 Rxc1 27. Rxc1 Nxf2 28. Rc7 Qxc7 29. Qxd5+ Qf7 30. Qxf7+ Rxf7 31. Nd4 Nd3 32. Nb3 Nb2 33. Nxa5 Nxa4 34. Nb3 Nc3 35. g4 g5 36. Kg2 Kf8 37. Nd4 Ke8 38. Nf5 Rxf5 39. gxf5 b3 40. f6 b2 41. f7+ Kxf7 0-1

[Event "Schachfestival Senioren"]
[Site "Bad Woerishofen"]
[Date "2023.03.04"]
[Round "2.56"]
[White "Grandl, Klaus"]
[Black "Kumeth, Hartmut"]
[Result "1/2-1/2"]
[WhiteElo "1546"]
[BlackElo "1724"]
[PlyCount "48"]
[EventDate "2023.??.??"]
[BlackTeam "SK Union Oldenburg"]

1. e4 d5 2. exd5 Qxd5 3. Nc3 Qd8 4. Be2 Nf6 5. Nf3 g6 6. h3 Bg7 7. O-O O-O 8. d3 Nc6 9. a3 e5 10. Ne4 b6 11. Bg5 h6 12. Bxf6 Bxf6 13. Nxf6+ Qxf6 14. Rb1 Be6 15. Qc1 Kg7 16. c3 Qe7 17. Nh2 f5 18. f4 Rad8 19. Qe3 exf4 20. Rxf4 g5 21. Rf2 Qd6 22. d4 Rde8 23. Qd3 f4 24. Bf3 Bf5 1/2-1/2

[Event "Schachfestival Senioren"]
[Site "Bad Woerishofen"]
[Date "2023.03.04"]
[Round "2.57"]
[White "Meul, Willi"]
[Black "Schumacher, Ursula"]
[Result "1-0"]
[WhiteElo "1722"]
[BlackElo "1514"]
[PlyCount "91"]
[EventDate "2023.??.??"]
[WhiteTeam "Bruehler SK 1920 e. V."]

1. d4 c6 2. Bf4 Nf6 3. e3 d5 4. Bd3 g6 5. Nf3 Bg4 6. Nbd2 Nbd7 7. h3 Bxf3 8. Nxf3 e6 9. O-O Bg7 10. Qe2 O-O 11. c4 Re8 12. Rac1 Rc8 13. c5 b5 14. cxb6 axb6 15. b4 b5 16. Rc3 h6 17. Rfc1 Qb6 18. Bxb5 Qxb5 19. Qxb5 cxb5 20. Rxc8 Nb6 21. Rxe8+ Nxe8 22. Rc5 Nc4 23. Rxb5 Bf8 24. Rb8 Nf6 25. b5 Kg7 26. b6 Nd7 27. Rd8 Ndxb6 28. Bxh6+ Kxh6 29. Rxf8 Kg7 30. Rb8 Nd7 31. Rb7 Ndb6 32. Ng5 Kf6 33. Nxf7 Nc8 34. Ne5 Nxe5 35. dxe5+ Kxe5 36. Kf1 Nd6 37. Rb4 Nc4 38. Ke2 Kd6 39. Kd3 Kc5 40. Rb8 Kd6 41. Rc8 Ne5+ 42. Kc3 Nc6 43. a4 Kc5 44. f4 Kb6 45. Rxc6+ Kxc6 46. Kd4 1-0

[Event "Schachfestival Senioren"]
[Site "Bad Woerishofen"]
[Date "2023.03.04"]
[Round "2.58"]
[White "Jovi, Klaus"]
[Black "Wacker, Manfred"]
[Result "1/2-1/2"]
[WhiteElo "1510"]
[BlackElo "1718"]
[PlyCount "51"]
[EventDate "2023.??.??"]
[WhiteTeam "Ohne Verein"]
[BlackTeam "SC 1997 Lambsheim"]

1. Nf3 Nf6 2. c4 c5 3. Nc3 Nc6 4. g3 g6 5. Bg2 Bg7 6. O-O O-O 7. e3 e6 8. d4 cxd4 9. exd4 d5 10. c5 b6 11. a3 bxc5 12. dxc5 a5 13. Re1 Rb8 14. Rb1 Re8 15. Bf4 Rb7 16. Bd6 Bf8 17. Bxf8 Kxf8 18. Na4 Nd7 19. Nd4 Qc7 20. Nxc6 Qxc6 21. Qd4 f6 22. Nb6 Nxb6 23. cxb6 Qxb6 24. Qxf6+ Rf7 25. Qc3 Bb7 26. Qd2 1/2-1/2

[Event "Schachfestival Senioren"]
[Site "Bad Woerishofen"]
[Date "2023.03.04"]
[Round "2.59"]
[White "Leser, Alfred"]
[Black "Luebbers, Doris"]
[Result "1-0"]
[WhiteElo "1689"]
[BlackElo "1498"]
[PlyCount "75"]
[EventDate "2023.??.??"]
[WhiteTeam "Schachfreunde Mengen"]
[BlackTeam "SC Steinbach"]

1. d4 d5 2. Nc3 Nf6 3. Bf4 c6 4. Qd2 e6 5. a3 Bd6 6. Bg5 Be7 7. Nf3 Nbd7 8. h3 Ne4 9. Nxe4 dxe4 10. Bxe7 Qxe7 11. Nh2 Nf6 12. Ng4 Bd7 13. e3 Nd5 14. c4 Nf6 15. Ne5 O-O 16. Be2 c5 17. O-O Rac8 18. Qa5 a6 19. Rfd1 cxd4 20. Nxd7 Nxd7 21. exd4 Nf6 22. Qe5 Qc7 23. Qg5 h6 24. Qe3 a5 25. b4 axb4 26. axb4 b6 27. b5 Rfd8 28. Ra6 Rb8 29. Qa3 Ne8 30. Qe3 Nd6 31. c5 bxc5 32. dxc5 Nxb5 33. Rxd8+ Qxd8 34. Rb6 Nc7 35. Rd6 Qe8 36. Qxe4 Nd5 37. Qe5 Rc8 38. Qd4 1-0

[Event "Schachfestival Senioren"]
[Site "Bad Woerishofen"]
[Date "2023.03.04"]
[Round "2.60"]
[White "Walther, Renate"]
[Black "Titz, Waldemar"]
[Result "0-1"]
[WhiteElo "1220"]
[BlackElo "1710"]
[PlyCount "96"]
[EventDate "2023.??.??"]
[WhiteTeam "SK 1911 Herzogenaurach e.V."]
[BlackTeam "SV Rottweil"]

1. e4 e5 2. d4 exd4 3. Qxd4 Nc6 4. Qe3 d6 5. Nc3 Nf6 6. Be2 g6 7. h4 h5 8. f4 Bh6 9. Bd2 Ng4 10. Bxg4 Bxg4 11. Nf3 Qd7 12. O-O-O O-O-O 13. Qf2 Bg7 14. Rde1 Rhe8 15. Be3 Kb8 16. Bd4 Bh6 17. Ng5 Bxg5 18. hxg5 Re6 19. Nd5 Nxd4 20. Qxd4 Qc6 21. Nc3 a6 22. f5 gxf5 23. exf5 Rxe1+ 24. Rxe1 Re8 25. Rxe8+ Qxe8 26. Qf2 Qe5 27. g6 Qg7 28. Qe3 fxg6 29. Nd5 Bxf5 30. Ne7 Qe5 31. Nxf5 Qxf5 32. b3 Qf1+ 33. Kb2 Qxg2 34. Qe8+ Ka7 35. Qd8 Qc6 36. Qg8 d5 37. Qg7 Qd6 38. Qd4+ c5 39. Qf2 d4 40. b4 cxb4 41. Kb3 a5 42. c4 b6 43. Qf7+ Ka6 44. Qg8 Qc6 45. Qd5 Qxd5 46. cxd5 Kb7 47. Kc4 Kc7 48. Kxd4 Kd6 0-1

[Event "Schachfestival Senioren"]
[Site "Bad Woerishofen"]
[Date "2023.03.05"]
[Round "3.1"]
[White "Koehler, Gerhard"]
[Black "Neese, Hans-Joachim"]
[Result "1-0"]
[WhiteElo "2244"]
[BlackElo "2058"]
[PlyCount "101"]
[EventDate "2023.??.??"]
[WhiteTeam "USV Halle/ Saale"]
[BlackTeam "SV Hennef 1927 e. V."]

1. c4 Nf6 2. Nc3 g6 3. e4 d6 4. d4 Bg7 5. Be2 O-O 6. Nf3 Nbd7 7. O-O e5 8. Re1 c6 9. Bf1 Qc7 10. Rb1 a5 11. a3 Re8 12. d5 c5 13. g3 b6 14. Bd2 Ba6 15. Bd3 h6 16. Qe2 Kh7 17. Kg2 Rf8 18. Ng1 Nh5 19. Rf1 Rae8 20. Bc2 Nb8 21. Ba4 Rd8 22. Rbe1 Qe7 23. Bc2 Bc8 24. Na4 Qb7 25. b4 axb4 26. axb4 f5 27. bxc5 bxc5 28. Rb1 Qa7 29. Nb6 f4 30. f3 fxg3 31. hxg3 Nd7 32. Nxc8 Rxc8 33. Ra1 Qb6 34. Ba5 Qb2 35. Ba4 Qxe2+ 36. Nxe2 Rf7 37. Bc6 Nb8 38. Bb5 Bf6 39. Bd2 Rcf8 40. Ra8 Nd7 41. Rxf8 Nxf8 42. Ra1 Rb7 43. Ra6 Be7 44. Nc1 Nf6 45. Nb3 N8d7 46. Na5 Rc7 47. Nc6 Bf8 48. Ba5 Rc8 49. Nd8 Nb8 50. Ra8 Be7 51. Nc6 1-0

[Event "Schachfestival Senioren"]
[Site "Bad Woerishofen"]
[Date "2023.03.05"]
[Round "3.2"]
[White "Kierzek, Matthias"]
[Black "Walther, Reinhard"]
[Result "1/2-1/2"]
[WhiteElo "2177"]
[BlackElo "1987"]
[PlyCount "97"]
[EventDate "2023.??.??"]
[WhiteTeam "SC Fulda"]
[BlackTeam "SK 1911 Herzogenaurach e.V."]

1. d4 d5 2. c4 c6 3. Nf3 Nf6 4. Nc3 dxc4 5. a4 Bf5 6. Ne5 Nbd7 7. Nxc4 Nb6 8. Ne5 a5 9. f3 Nfd7 10. Nxd7 Qxd7 11. e4 Bg6 12. Be3 e6 13. d5 Nc8 14. dxc6 Qxd1+ 15. Rxd1 bxc6 16. Be2 Bb4 17. Kf2 Ke7 18. Na2 Bd6 19. Rd2 Rd8 20. Rhd1 Bc7 21. Rxd8 Bxd8 22. Bc5+ Ke8 23. Nc3 Bc7 24. g3 Rb8 25. Rd2 Ne7 26. Ke3 f6 27. Bc4 Bf7 28. Nb1 Rd8 29. Rxd8+ Kxd8 30. Nd2 Ke8 31. Kd3 h5 32. Nb3 Nc8 33. Nd4 Kd7 34. f4 Nd6 35. Bb3 Nb7 36. Bf8 Bb6 37. Bxg7 Nc5+ 38. Ke2 Nxe4 39. Nf3 Ke7 40. Nh4 Be8 41. f5 Nc5 42. Bc2 e5 43. Bh6 Bf7 44. Be3 Bc4+ 45. Kf2 Bd5 46. Ke2 Kd6 47. Nf3 Bc4+ 48. Kf2 Bc7 49. Ne1 1/2-1/2

[Event "Schachfestival Senioren"]
[Site "Bad Woerishofen"]
[Date "2023.03.05"]
[Round "3.3"]
[White "Remensberger, Paul"]
[Black "Naeckel, Gerhard"]
[Result "1-0"]
[WhiteElo "1977"]
[BlackElo "2146"]
[PlyCount "103"]
[EventDate "2023.??.??"]
[WhiteTeam "Herrliberg"]
[BlackTeam "SV Steinitz Puettlingen"]

1. d4 Nf6 2. Nf3 e6 3. c4 d5 4. e3 c5 5. cxd5 exd5 6. Bb5+ Bd7 7. Bxd7+ Nbxd7 8. dxc5 Bxc5 9. O-O O-O 10. b3 Nb6 11. Bb2 Qe7 12. Nc3 Rfd8 13. Ne2 Ba3 14. Bxa3 Qxa3 15. Qc1 Qe7 16. Qb2 Nbd7 17. Rac1 Nc5 18. Qd4 b6 19. Nf4 Qe4 20. Rfd1 a5 21. Qb2 Qf5 22. Qe5 Qe4 23. Qd4 Qxd4 24. Nxd4 g5 25. Nd3 Rac8 26. Ne5 Rc7 27. h3 Re8 28. Nef3 h6 29. Nf5 Kh7 30. N3d4 Rd7 31. a3 Nfe4 32. b4 axb4 33. axb4 Ne6 34. g4 Nd6 35. Nxd6 Rxd6 36. Nf5 Rd7 37. Rc6 b5 38. Nd6 Ra8 39. Nxb5 Rb8 40. Rd6 Rdb7 41. Nd4 Nxd4 42. Rxd4 Rxb4 43. Rxb4 Rxb4 44. Rxd5 Kg6 45. Kg2 h5 46. Rd6+ f6 47. gxh5+ Kf5 48. Rd5+ Ke6 49. Rd4 Rb8 50. Kg3 Rh8 51. Kg4 Rg8 52. h6 1-0

[Event "Schachfestival Senioren"]
[Site "Bad Woerishofen"]
[Date "2023.03.05"]
[Round "3.4"]
[White "Schwalb, Manfred"]
[Black "Geyer, Bernhard"]
[Result "0-1"]
[WhiteElo "1955"]
[BlackElo "2145"]
[PlyCount "148"]
[EventDate "2023.??.??"]
[WhiteTeam "SV Calw"]
[BlackTeam "SK Frankenthal"]

1. e4 e6 2. d3 d5 3. Nd2 c5 4. g3 Nc6 5. Bg2 Nf6 6. Ngf3 Qc7 7. O-O Be7 8. Re1 d4 9. a4 e5 10. Nc4 h6 11. Nh4 g6 12. Rf1 Be6 13. f4 Bxc4 14. dxc4 Nd7 15. Nf3 O-O-O 16. Ne1 f6 17. Nd3 g5 18. Bh3 exf4 19. gxf4 Kb8 20. Be6 Bd6 21. Kh1 Rde8 22. Bd5 Nb6 23. Qf3 Ne7 24. b3 Nbxd5 25. cxd5 Ng6 26. Bd2 Nh4 27. Qe2 Qf7 28. Rae1 Qg8 29. c4 g4 30. Bc1 Nf3 31. Rd1 Qg7 32. Ne1 Nh4 33. Rg1 h5 34. Nd3 Rhg8 35. Nf2 Qc7 36. Nd3 Nf3 37. Rg2 Qh7 38. Nf2 Nh4 39. Rgg1 Nf5 40. Qd3 Nh6 41. Rde1 Nf7 42. Re2 Re7 43. Rge1 Qg7 44. Rg1 b6 45. Bd2 a5 46. Bc1 Kb7 47. Qd2 Bb8 48. Nd3 Rge8 49. Qe1 Qh7 50. Nf2 d3 51. Nxd3 Rxe4 52. Rxe4 Rxe4 53. Qf2 Rd4 54. Ne1 Rd1 55. Ng2 Rxg1+ 56. Kxg1 Nd6 57. Qe3 Ne4 58. Nh4 f5 59. Bb2 Bd6 60. Be5 Be7 61. Ng2 h4 62. Qd3 g3 63. d6 Bd8 64. h3 Nf2 65. Qd5+ Ka7 66. d7 Nxh3+ 67. Kf1 Qg6 68. Qd6 Qxd6 69. Bxd6 Kb7 70. Ne3 Kc6 71. Nxf5 Kxd7 72. Be5 Nf2 73. Ke2 Ng4 74. Bc3 g2 0-1

[Event "Schachfestival Senioren"]
[Site "Bad Woerishofen"]
[Date "2023.03.05"]
[Round "3.5"]
[White "Kroell, Johannes"]
[Black "Wagner, Franz"]
[Result "1-0"]
[WhiteElo "2127"]
[BlackElo "1954"]
[PlyCount "87"]
[EventDate "2023.??.??"]
[WhiteTeam "Reutte"]
[BlackTeam "Ichenhausen"]

1. Nc3 c5 2. e4 Nc6 3. d3 Nf6 4. g4 h6 5. Bg2 d6 6. h3 g6 7. Be3 Bg7 8. Qd2 Qa5 9. Nge2 Nd7 10. O-O Nd4 11. Nc1 Rb8 12. Nb3 Qd8 13. Nd1 b6 14. c3 Nc6 15. f4 e5 16. f5 g5 17. Bf2 Ba6 18. Ne3 Nf6 19. Rfd1 Qe7 20. Bf3 h5 21. Nd5 Nxd5 22. exd5 Nd8 23. gxh5 f6 24. Qe2 Nf7 25. Bg4 Nh6 26. Nd2 Qd7 27. Ne4 Ke7 28. Be3 Rbg8 29. Rf1 Nf7 30. Kh2 Bh6 31. b3 Qb7 32. c4 b5 33. Bxc5 dxc5 34. Nxc5 Qb6 35. Ne6 Rc8 36. Rac1 Qd6 37. Qe4 bxc4 38. dxc4 Qa3 39. Qg2 Nd8 40. Qf2 Nxe6 41. fxe6 Bg7 42. Qxa7+ Kd6 43. Qd7+ Kc5 44. Qe7+ 1-0

[Event "Schachfestival Senioren"]
[Site "Bad Woerishofen"]
[Date "2023.03.05"]
[Round "3.6"]
[White "Rubke, Manfred"]
[Black "Christen, Pierre"]
[Result "1-0"]
[WhiteElo "2093"]
[BlackElo "1855"]
[PlyCount "105"]
[EventDate "2023.??.??"]
[WhiteTeam "SAbt TSV Haunstetten"]
[BlackTeam "SG Trier 1877 e.V."]

1. c4 c5 2. g3 Nf6 3. Bg2 d5 4. cxd5 Nxd5 5. Nc3 Nc7 6. Nf3 Nc6 7. O-O e5 8. b3 Be7 9. Bb2 f6 10. Rc1 O-O 11. d3 Be6 12. Nd2 Qd7 13. a3 Bh3 14. Nf3 Bxg2 15. Kxg2 Rad8 16. Qc2 Ne6 17. Nd1 Ncd4 18. Bxd4 exd4 19. Nb2 Kh8 20. a4 b6 21. Nc4 Qd5 22. Ncd2 Qh5 23. Qc4 Qg4 24. e3 Ng5 25. Nxg5 Qxg5 26. f4 Qh5 27. e4 Bd6 28. Rf2 g5 29. fxg5 Qxg5 30. Nf3 Qg7 31. Nh4 Be5 32. Rcf1 Qf7 33. Qc2 Rg8 34. Rf5 Qc7 35. R5f3 Rg5 36. Nf5 Rdg8 37. Qc4 Qd7 38. Qb5 Qxb5 39. axb5 h5 40. Kh3 Re8 41. Ra1 Bb8 42. Nh4 Kg7 43. Rf5 Re6 44. Raf1 Bc7 45. Ng2 Bb8 46. Kh4 Kg6 47. Ne1 Rd6 48. Kh3 Rxf5 49. Rxf5 Rd8 50. Nf3 Rh8 51. Rd5 Re8 52. Rd7 Rc8 53. Nh4+ 1-0

[Event "Schachfestival Senioren"]
[Site "Bad Woerishofen"]
[Date "2023.03.05"]
[Round "3.7"]
[White "Schumacher, Gottfried"]
[Black "Kievelitz, Bernd"]
[Result "1-0"]
[WhiteElo "2148"]
[BlackElo "1854"]
[PlyCount "53"]
[EventDate "2023.??.??"]
[BlackTeam "Zitadelle Spandau"]

1. e4 c5 2. Nf3 e6 3. d4 cxd4 4. Nxd4 a6 5. c4 Nf6 6. Bd3 Qc7 7. Nc3 d6 8. O-O Be7 9. Be3 Nbd7 10. Rc1 O-O 11. h3 b6 12. b3 Bb7 13. Bb1 Rac8 14. Qd2 Qb8 15. f3 Rfe8 16. Rfe1 d5 17. cxd5 exd5 18. exd5 Bxd5 19. Nf5 Be6 20. Nxe7+ Rxe7 21. Bf4 Qa7 22. Nd5 Nxd5 23. Rxc8+ Nf8 24. Rxf8+ Kxf8 25. Bd6 Qd7 26. Bxe7+ Qxe7 27. Be4 1-0

[Event "Schachfestival Senioren"]
[Site "Bad Woerishofen"]
[Date "2023.03.05"]
[Round "3.8"]
[White "Waltenberger, Udo"]
[Black "Baum, Bernd"]
[Result "0-1"]
[WhiteElo "1978"]
[BlackElo "2272"]
[PlyCount "54"]
[EventDate "2023.??.??"]
[WhiteTeam "SV Eiche Reichenbrand"]
[BlackTeam "SK Marburg 1931/72"]

1. Nf3 d5 2. g3 g6 3. Bg2 Bg7 4. d4 c6 5. O-O Nf6 6. c4 dxc4 7. Ne5 Ng4 8. Nf3 Nd7 9. a4 a5 10. Qc2 Nb6 11. Rd1 f6 12. Na3 Be6 13. h3 Nh6 14. Nd2 Nf5 15. e3 Nd6 16. e4 Qc8 17. Kh2 O-O 18. Nf1 Rd8 19. Be3 Qc7 20. Nd2 Bf7 21. Bf1 f5 22. Rac1 fxe4 23. Naxc4 Nd5 24. Nxe4 Nf5 25. Bd3 Nb4 26. Qd2 Nxd4 27. Bxd4 Rxd4 0-1

[Event "Schachfestival Senioren"]
[Site "Bad Woerishofen"]
[Date "2023.03.05"]
[Round "3.9"]
[White "Halli, Gerhard"]
[Black "Luciani, Carlo"]
[Result "1/2-1/2"]
[WhiteElo "1957"]
[BlackElo "2194"]
[PlyCount "104"]
[EventDate "2023.??.??"]
[WhiteTeam "SK 1947 Sandhausen e.V."]

1. d4 Nf6 2. Bf4 g6 3. Nf3 Bg7 4. e3 O-O 5. Bc4 d5 6. Be2 c5 7. c3 Nc6 8. Nbd2 Qb6 9. Qb3 Nd7 10. O-O e5 11. dxe5 Qxb3 12. Nxb3 c4 13. Nbd4 Ndxe5 14. Nxe5 Nxe5 15. Bxe5 Bxe5 16. Bf3 Bxd4 17. exd4 Be6 18. Rfe1 Rfd8 19. Re5 Rd6 20. Rae1 Rc8 21. h3 b5 22. a3 a5 23. Bg4 Rcc6 24. Bxe6 fxe6 25. f4 b4 26. axb4 axb4 27. Ra1 Ra6 28. Rxa6 Rxa6 29. Kf2 Kf7 30. g4 Ra2 31. Re2 h6 32. h4 h5 33. gxh5 gxh5 34. cxb4 Kf6 35. Kf3 Ra4 36. Re5 Rxb4 37. Rxh5 Rxb2 38. Rh6+ Ke7 39. f5 exf5 40. Kf4 Re2 41. Kxf5 Re4 42. h5 Rxd4 43. Ke5 Rd3 44. Rh7+ Kf8 45. Rc7 c3 46. h6 Kg8 47. Kf6 Rg3 48. h7+ Kh8 49. Ke5 Rd3 50. Kf6 Re3 51. Kg6 Rg3+ 52. Kh6 Rh3+ 1/2-1/2

[Event "Schachfestival Senioren"]
[Site "Bad Woerishofen"]
[Date "2023.03.05"]
[Round "3.10"]
[White "Scharrer, Udo"]
[Black "Krueger, Erich"]
[Result "1/2-1/2"]
[WhiteElo "1942"]
[BlackElo "2176"]
[PlyCount "73"]
[EventDate "2023.??.??"]
[WhiteTeam "SV Dicker Turm Esslingen"]
[BlackTeam "SF Essen-Katernberg 04/32 e. V."]

{[%evp 0,73,28,28,24,-9,37,43,45,45,48,39,55,34,33,10,51,-1,24,3,27,33,31,23,33,33,49,43,69,82,82,82,111,93,127,123,124,128,126,76,74,72,108,74,108,114,114,106,91,104,105,112,112,85,142,109,109,109,109,109,109,90,88,95,98,52,52,0,59,55,109,91,94,83,115,105]} 1. d4 Nf6 2. c4 g6 3. Nc3 Bg7 4. e4 d6 5. Be2 O-O 6. Bg5 Na6 7. Qd2 e5 8. d5 Qe8 9. Bd1 Nc5 10. Bc2 a5 11. Nge2 Bd7 12. f3 a4 13. O-O h5 14. b4 axb3 15. axb3 b6 16. b4 Nb7 17. Rfb1 Nh7 18. Be3 Qe7 19. Ba4 Bxa4 20. Nxa4 Bf6 21. c5 dxc5 22. bxc5 Nxc5 23. Nxc5 bxc5 24. Qc3 Qd7 25. Bxc5 Rfb8 26. Nc1 Be7 27. Nd3 Rxa1 28. Rxa1 Bxc5+ 29. Qxc5 Qd6 30. Rc1 Rb3 31. Qc4 Ra3 32. Kf1 Nf6 33. Ke2 Ne8 34. Rc2 f6 35. Qb5 Kf7 36. Nc5 Ke7 37. Ne6 1/2-1/2

[Event "Schachfestival Senioren"]
[Site "Bad Woerishofen"]
[Date "2023.03.05"]
[Round "3.11"]
[White "Schatz, Christian"]
[Black "Gerl, Hans"]
[Result "1-0"]
[WhiteElo "2127"]
[BlackElo "1883"]
[PlyCount "119"]
[EventDate "2023.??.??"]
[WhiteTeam "SC Postbauer-Heng e.V"]
[BlackTeam "SGem 1882 Fuerth"]

1. Nf3 Nf6 2. c4 b6 3. g3 Bb7 4. Bg2 c5 5. O-O e6 6. Nc3 Be7 7. d4 Ne4 8. Nxe4 Bxe4 9. b3 cxd4 10. Bb2 Bf6 11. Nxd4 Bxg2 12. Kxg2 O-O 13. Ba3 Be7 14. Bxe7 Qxe7 15. Qd3 Na6 16. Rfd1 Nc5 17. Qe3 a6 18. Nf5 Qd8 19. Nd6 Qc7 20. Rd2 a5 21. Rad1 f5 22. f3 Rf6 23. Nb5 Qb7 24. Qf4 Raf8 25. Qc7 Qxc7 26. Nxc7 f4 27. Rd6 Rb8 28. R1d4 fxg3 29. hxg3 Kf7 30. Nb5 Ke7 31. Rd2 Rf7 32. R6d4 Rff8 33. Nd6 Rbd8 34. e4 g6 35. e5 Rb8 36. Rd1 Rbd8 37. Kf2 Rg8 38. Ke3 h5 39. Rh1 Rh8 40. Rdh4 Rh7 41. Rd4 Na6 42. Ne4 Nb4 43. Rd2 Nc6 44. f4 Rf7 45. Rhd1 Kf8 46. Rd6 Ke7 47. Nf6 Nb8 48. Rxb6 Kf8 49. Rxe6 Kg7 50. Red6 h4 51. gxh4 Rh8 52. h5 gxh5 53. Rg1+ Kf8 54. Rb6 Nc6 55. Nxd7+ Rxd7 56. Rxc6 Ke7 57. f5 h4 58. f6+ Kd8 59. e6 Rdh7 60. Rd1+ 1-0